<?xml version="1.0" encoding="UTF-8"?>
<marc:record xmlns:marc="http://www.loc.gov/MARC21/slim">
   <marc:leader>00000nam a2200000 a 4500</marc:leader>
   <marc:datafield ind1="1" ind2=" " tag="100">
      <marc:subfield code="a">Kästner, Erich</marc:subfield>
      <marc:subfield code="4">aut</marc:subfield>
      <marc:subfield code="e">Verfasser/-in</marc:subfield>
   </marc:datafield>
   <marc:datafield ind1=" " ind2=" " tag="653">
      <marc:subfield code="a">Armut</marc:subfield>
   </marc:datafield>
   <marc:datafield ind1=" " ind2=" " tag="653">
      <marc:subfield code="a">Mädchen</marc:subfield>
   </marc:datafield>
   <marc:datafield ind1=" " ind2=" " tag="653">
      <marc:subfield code="a">Freundschaft</marc:subfield>
   </marc:datafield>
   <marc:datafield ind1=" " ind2=" " tag="653">
      <marc:subfield code="a">Berlin</marc:subfield>
   </marc:datafield>
   <marc:datafield ind1=" " ind2=" " tag="653">
      <marc:subfield code="a">Reichtum</marc:subfield>
   </marc:datafield>
   <marc:datafield ind1="0" ind2="0" tag="245">
      <marc:subfield code="a">Pünktchen und Anton</marc:subfield>
   </marc:datafield>
   <marc:datafield ind1="0" ind2="0" tag="245">
      <marc:subfield code="b">ein Roman für Kinder</marc:subfield>
   </marc:datafield>
   <marc:datafield ind1=" " ind2="1" tag="264">
      <marc:subfield code="b">Ueberreuter</marc:subfield>
      <marc:subfield code="c">2006</marc:subfield>
   </marc:datafield>
   <marc:datafield ind1="1" ind2=" " tag="520">
      <marc:subfield code="a">(ab 10)  Lesespass fuer Klein und Gross  Wie alle Kaestners Kinderbuecher ist auch "Puenktchen und Anton" ein sehr gelungener kleiner Roman, den man nicht nur seinen Kindern unbedingt zu lesen geben muss, sondern den man auch als Erwachsener selbst noch gerne "verschlingt". Geht es doch nicht nur um die Kinder, sondern vor allem auch um die Probleme, die sie mit den gar nicht so perfekten Erwachsenen haben. Puenktchen, Tochter von wohlhabenden Eltern, die aber nie Zeit fuer sie haben, und Anton, aus armen Verhaeltnissen, der seine kranke Mutter pflegen muss, erleben als ungleiche, aber treue Freunde eine Reihe aufregender Abenteuer und helfen ein bisschen, die Welt zu verbessern, indem sie wenigsten ein paar Erwachsenen die Augen oeffnen - und einer Reihe von Lesern. Mit Humor, Witz und in kindgerechter Sprache beweist Erich Kaestner einmal mehr sein grosses Einfuehlungsvermoegen in die Kinderwelt.   *Amazon.de*</marc:subfield>
   </marc:datafield>
   <marc:datafield ind1=" " ind2=" " tag="020">
      <marc:subfield code="a">9783791530147</marc:subfield>
      <marc:subfield code="9">9783791530147</marc:subfield>
   </marc:datafield>
</marc:record>
